000 00418nam a22001577a 4500
005 20251108164830.0
008 250721s1965 xx 000 0 ara d
082 1 4 _a616.462/حام
100 1 _aهرساني، حامد محمد
245 1 0 _aقصة البوال السكري /
264 1 _aمكة المكرمة :
_c1965.
300 _a283ص
650 1 7 _aمرض السكر
942 _2ddc
_cBK
999 _c15411
_d15411